| 000 | 00403cam a2200157ua 4500 | ||
|---|---|---|---|
| 041 |
_aeng _h |
||
| 082 |
_a613 _bGHO/TR |
||
| 100 | _aGhosh, Birendra Nath . | ||
| 245 |
_aTreats on Hygience and public Health / _cBirendra Nath Ghosh. _hTextual Documents |
||
| 250 |
_a14 / _b. |
||
| 260 |
_a : _bScientific Publishers , _c1959. |
||
| 300 | _a939 ; . | ||
| 504 | _a | ||
| 942 | _cBK | ||
| 999 |
_c790 _d790 |
||